000 00661nam a2200241 a 4500
001 BRCA_7189
005 20190320205738.0
008 160112s1939----gw-a######---#000-0#ger-#
041 _ager
044 _agw
050 4 _aDD901 .N93
_b.L88 1939
100 1 _aLutze, Eberhard
_d1908
_917814
245 1 0 _aEinst im alten Nu¨rnberg
_cEberhard.
260 _aStuttgart, Alemania
_bW. Hadecke
_cc1939
300 _a125 p.
_bil.
_c20 cm.
500 _aP80
650 1 4 _aArte
_zNuremberg
_917815
650 1 4 _aArte
_zAlemania
_917816
650 1 4 _aGalerías y museos
_zAlemania
_95059
651 4 _aNuremberg
_zDescripción
_917817
902 _aGFM
942 _2lcc
_cB
999 _c6870
_d6870